000 00853nam a2200229Ia 4500
003 OSt
005 20250215111503.0
008 210716s2017 xx 000 0 und d
020 _a9781788393850
040 _cAIMIT LIBRARY
041 _aeng
082 _a006.671
_21
_bDASS
100 _aDaschner, Sebastian.
_9199962
245 _aArchitecting modern java EE applications :
_bDesigning lightweight business oriented enterprise applications in the age of cloud containers and java EE8 /
_cBy Sebastian Daschner.
250 _a1st ed.
260 _aMumbai :
_bPackt Publishing Ltd ,
_c2017.
300 _ax,416p. ;
_bPB
_c24 cm
650 _aDesigning and structuring java enterprise applications
_9199963
650 _aLightweight java EE
_9199964
650 _aMicroservices and system architecture
_9199965
942 _2ddc
_cBK
_e1st
_k006.671 DASS
999 _c196527
_d196527